Fostering Gandhian Ideals (Record no. 209637)

MARC details
000 -LEADER
fixed length control field 00563nam a22001817a 4500
005 - DATE AND TIME OF LATEST TRANSACTION
control field 20250224110229.0
010 ## - LCCN (DPL NO)
LC control number ENG-143776
020 ## - INTERNATIONAL STANDARD BOOK NUMBER
Terms of availability 345.00
International Standard Book Number 978193033340
035 ## - SYSTEM CONTROL NUMBER
System control number EN-127308
037 ## - SOURCE OF ACQUISITION
Source of stock number/acquisition DBAD
082 ## - DEWEY DECIMAL CLASSIFICATION NUMBER
Classification number 301.153
100 ## - MAIN ENTRY--PERSONAL NAME
Personal name Baskaran, M William
245 ## - TITLE STATEMENT
Title Fostering Gandhian Ideals
Statement of responsibility, etc M William Baskaran
Remainder of title In Higher Educational Institutions
260 ## - PUBLICATION, DISTRIBUTION, ETC. (IMPRINT)
Place of publication, distribution, etc New Delhi
Name of publisher, distributor, etc Studera Press
Date of publication, distribution, etc 2015
270 ## - ADDRESS
City New Delhi
Address 1586/113,FF, Tri Nagar,
Postal code 110035
300 ## - PHYSICAL DESCRIPTION
Extent 78pp.
Dimensions 23cm(pbk)
942 ## - ADDED ENTRY ELEMENTS (KOHA)
Source of classification or shelving scheme Dewey Decimal Classification
Item type English Books
Classification part 301.153
Call number suffix BAS
Holdings
Withdrawn status Lost status Not for loan Collection code Home library Current library Date acquired Source of acquisition Cost, normal purchase price Full call number Barcode Cost, replacement price Koha item type
      Non-fiction Central Library Central Library 24/02/2025 DBAD 345.00 301.153 BAS EN-127308 345.00 English Books

© Delhi Public Library
Hit Counter
free hit counter